00470nam a22001457a 450000500170000001000130001702000240003003500130005403700310006708200150009824501050011326000480021830000200026670000380028620190530122721.0 aB-047054 a8175101415 c200.00 aB-047054 bReliance Publishing House  a616.979203 aEncyclopaedia of aids and family education/cCompiled by Surendra P. Singh and edited by Y.L. Tekhre aNew DelhibReliance Publishing House c2002 a199p.c22cm(Hb) aSingh, Surendra P.bTekhre, Y.L.